1511 1943 1052 1808 1252 1320 1974 1525 1994 1665 1542 1529 1493 1304 1824 1574 1613 1633 1137 1832 1923 1631 1949 1861 1736 1472 1187 1509 1504 1413 1240 1662 1505 1518 1734 1032 1502 1552 1819 1392 1938 1833 1867 1806 1155 1698 1206 1248 1653 1353 1115 1042 1048 1067 1006 1422 1324 1069 1596 1561 1094 1146 1617 1010 1161 1657 1749 1894 1293 1664 1421 1244 1340 1937 1189 1688 1757 1584 1229 1644 1959 1667 2000 1504 1522 1592 1253 1690 1149 1530 1124 1622 1051 1255 1800 1671 1199 1465 1898 BCNSPRNW ULIB Ver.6.0+V

เปลี่ยนเป็นภาษาไทย

Change to English
 แสดงรายละเอียดบรรณานุกรม
  กลับหน้าหลัก

Brief Record : Get Marc (ISO 2709) : E-mail record : QR code < ปิดหน้าต่าง
LEADER : 00000nam 2200000uu 4500
001    13399128489
003     ULIB
008    020711s2565 th a 000 0 tha d
020    ู^a9786164076259
050  0 ^aH302.23^bอ297ค
100    ^aอลงกาณ์ ปริวุฒิพงศ์.
245    ^aความรอบรู้เรื่องสื่อและสารสนเทศ: จากแนวคิดสู่แนวทางปฎิบัติ
250    ^aพิมพ์ครั้งที่ 1
260    ^aกรุงเทพฯ :^bโครงการตำราและเอกสารวิชาการ คณะนิเทศศาสตร์ จุฬาลงกรณ์มหาวิทยาลัย,^c2565
300    ^a188 หน้า;^c26 ซม.
650    ^aสื่อมวลชน
650    ^aสารสนเทศ
945    ^p250^l0^i010239
945    ^p250^l0^i010240
945    ^p250^l0^i010241
999    ^aประนอม เกษจรัล
รายการนี้ยังไม่มีแท็ก
คุณยังไม่ได้ล็อกอิน คุณสามารถมีกิจกรรมร่วมกับเว็บไซต์ได้ แต่ต้องล็อกอินก่อน ::
  ล็อกอิน

รายการสื่อสารสนเทศ

ลำดับที่ ประเภท เลขเรียก/บาร์โค้ด สถานที่ สถานะ
1. การศึกษาทั่วไป
หนังสือสำรอง
สถานะ=หนังสือสำรอง
H302.23 อ297ค ฉ.1 
  Barcode: 010239
ห้องสมุดวิทยาเขตสวรรค์ประชารักษ์
►หนังสือทั่วไป
บนชั้น
2. การศึกษาทั่วไป
การศึกษาทั่วไป
H302.23 อ297ค ฉ.2 
  Barcode: 010240
ห้องสมุดวิทยาเขตสวรรค์ประชารักษ์
►หนังสือทั่วไป
บนชั้น
3. การศึกษาทั่วไป
การศึกษาทั่วไป
H302.23 อ297ค ฉ.3 
  Barcode: 010241
ห้องสมุดวิทยาเขตสวรรค์ประชารักษ์
►หนังสือทั่วไป
บนชั้น

รายการใกล้เคียง
    ชื่อเรื่อง [ความรอบรู้เรื่องสื่อและสารสนเทศ: จากแนวคิดสู่แนวทางปฎิบัติ]

    ผู้แต่ง [อลงกาณ์ ปริวุฒิพงศ์.]

    หัวเรื่อง [สื่อมวลชน]
    หัวเรื่อง [สารสนเทศ]

BibComment


ยังไม่เคยถูกคอมเมนท์

คอมเมนท์ทรัพยากรรายการนี้
  คอมเมนท์: ความรอบรู้เรื่อง..


 Copyright 2026. Bcnsprnw @Library